| 000 | 02964cam a2200433 a 4500 | ||
|---|---|---|---|
| 001 | 18814653 | ||
| 003 | NUST | ||
| 005 | 20230413085625.0 | ||
| 008 | 151013s2013 enkab bf 001 0 eng d | ||
| 010 | _a 2015473709 | ||
| 015 |
_aGBB287711 _2bnb |
||
| 016 | 7 |
_a016162165 _2Uk |
|
| 020 | _a9780470972250 (hbk.) | ||
| 020 | _a0470972254 (hbk.) | ||
| 020 | _a9781118494646 (ebk) | ||
| 020 | _a9781118494653 (ebk) | ||
| 020 | _a1118494644 (ebk) | ||
| 020 | _a1118494652 (ebk) | ||
| 035 | _a(OCoLC)ocn809558599 | ||
| 040 |
_aUKMGB _beng _cUKMGB _dOCLCO _dBTCTA _dUAB _dNLE _dYDXCP _dCDX _dYNK _dCUD _dMEU _dUPM _dOCLCA _dA7U _dOCLCF _dNYWWB _dOCL _dDLC |
||
| 042 | _alccopycat | ||
| 050 | 0 | 0 |
_aHT166 _b.F519 2013 |
| 082 | 0 | 4 |
_a307.1216 _223 _bFIR |
| 100 | 1 |
_aFirley, Eric. _9111851 |
|
| 245 | 1 | 4 |
_aThe urban masterplanning handbook / _cEric Firley and Katharina Grön. |
| 246 | 3 | _aUrban master plannning handbook | |
| 260 |
_aChichester, UK : _bWiley, _c2013. |
||
| 300 |
_a287 p. : _bcol. ill., col. maps ; _c29 cm. |
||
| 504 | _aIncludes bibliographical references (p. [282]-283) and index. | ||
| 505 | 0 | _aMachine generated contents note: Case Studies -- Broadgate, London -- Massena Nord, Paris -- Stuyvesant Town, New York -- Battery Park City, New York -- Avenue de l'Opera, Paris -- Vauban, Freiburg -- Antigone, Montpellier -- Potsdamer Platz, Berlin -- Kirchsteigfeld, Potsdam -- Spangen, Rotterdam -- Belgravia, London -- False Creek North, Vancouver -- Sarphatipark, Amsterdam -- Marunouchi, Tokyo -- Euralille, Lille -- Puerto Madero, Buenos Aires -- Hammarby Sjostad, Stockholm -- Downtown Dubai -- Beijing Central Business District -- La Defense Seine Arche, Greater Paris -- APPENDICES -- Timeline -- Density Table -- Figure-ground Diagrams -- Scale Comparison of all Projects. | |
| 520 | 8 | _aThis important resource features 20 examples of masterplans that are rigorously analysed visually through drawings and diagrams that are specially drawn to scale. As well as providing high quality graphical representations of its subjects, the reference gives an important new emphasis on the processes and structures that influence the form of these projects. It reveals whether a masterplan has been privately or publicly funded, if it has been planned as a single entity, or through multiple subdivisions of land, if it has been initiated by an individual landowner or by the city through expropriation. These significant influences are highlighted in the individual case study texts and through highly legible diagrams and also by the comparisons made between the projects. | |
| 650 | 0 |
_aCity planning _vHandbooks, manuals, etc. _9111852 |
|
| 650 | 7 |
_aCity planning. _2fast _0(OCoLC)fst00862177 |
|
| 655 | 7 |
_aHandbooks and manuals. _2fast _0(OCoLC)fst01423877 _9280 |
|
| 700 | 1 |
_aGrön, Katharina. _9111853 |
|
| 906 |
_a7 _bcbc _ccopycat _d2 _encip _f20 _gy-gencatlg |
||
| 942 |
_2ddc _cBK |
||
| 999 |
_c594485 _d594485 |
||